000 00413nam a22001697a 4500
005 20180707143920.0
008 160512b xxu||||| |||| 00| 0 eng d
020 _a81-203-2651-2
041 _aeng
082 _b1744
_a658.15
100 _aTripathy, Nalini Prabha
_94479
245 _aFinancial Instrumenter and Sevices
260 _aNew Delhi
_bPHI,
300 _a187
650 _aManagement
_9241
942 _cBK
999 _c672
_d672